[Event "Olympiad-32"]
[Site "Yerevan"]
[Date "1996.09.24"]
[Round "8.1"]
[White "Gelfand, Boris"]
[Black "Akopian, Vladimir Eduardovic"]
[Result "1/2-1/2"]
[WhiteElo "2665"]
[BlackElo "2630"]
[Annotator "Gelfand,B"]
[PlyCount "134"]
[EventDate "1996.09.15"]
[EventType "team-swiss"]
[EventRounds "14"]
[EventCountry "ARM"]
[SourceTitle "CBM 055"]
[Source "ChessBase"]
[SourceDate "1996.12.01"]
[SourceVersion "1"]
[SourceVersionDate "1996.12.01"]
[SourceQuality "1"]
[WhiteTeam "Belarus"]
[BlackTeam "Armenia"]
[WhiteTeamCountry "BLR"]
[BlackTeamCountry "ARM"]

1. d4 d5 2. c4 c6 3. Nc3 Nf6 4. e3 e6 5. Nf3 Nbd7 6. Bd3 dxc4 7. Bxc4 b5 8. Bd3
Bb7 9. O-O a6 10. e4 c5 11. d5 c4 12. Bc2 Qc7 13. dxe6 fxe6 14. Nd4 Nc5 15. Be3
O-O-O 16. Qe2 e5 17. Nf3 Ne6 (17... Ncxe4 $2 18. Nxe4 Nxe4 19. a4 $16 {
Lautier-Gelfand,Amsterdam VSB,1996}) 18. Rad1 $5 $146 (18. Nd5 Nxd5 19. exd5
Bxd5 20. a4 b4 21. Rad1 g6 22. Rxd5 Rxd5 23. Be4 Rd8 24. Rc1 $44 {Krasenkow,
M-Schandorff,L/Copenhagen PC (03) 1996}) 18... Bd6 (18... Bc5 $5) 19. a4 (19.
b3 $6 Nd4) (19. Nd5 Nxd5 20. exd5 Nd4 21. Nxd4 exd4 22. Bxd4 Bxh2+ 23. Kh1 Bxd5
$13) 19... Nd4 (19... b4 20. Nd5 Nxd5 21. exd5 $16) 20. Bxd4 $1 (20. Nxd4 exd4
21. Bxd4 Bxh2+ 22. Kh1 Be5 23. Bxe5 Qxe5 24. f4 Qh5+ 25. Qxh5 Nxh5 $132) 20...
exd4 21. Nxd4 $1 (21. Rxd4 $5 Bxh2+ 22. Nxh2 Rxd4 23. axb5 Rhd8 (23... Re8 24.
Nf3) 24. bxa6 (24. Nf3 Ng4 25. bxa6 Rd2) 24... Rd2 25. axb7+ Kxb7 26. Qe3 Rxc2
27. e5 Rd3 $13) 21... Bxh2+ 22. Kh1 Qf4 (22... Qb6 23. a5 (23. axb5 Rxd4 24.
Rxd4 Qxd4 25. bxa6 Bxa6 26. Kxh2 $16) (23. Ndxb5 Be5 24. Qxc4+ Kb8) 23... Qa7
24. Ndxb5 axb5 25. Kxh2 Qc5 (25... Qxa5 26. e5) 26. e5 $5 Qxe5+ (26... Rde8 27.
f4 h5 28. Be4 $16) 27. Qxe5 Ng4+ 28. Kg3 Nxe5 29. Nxb5 $16) 23. g3 Bxg3 (23...
Qh6 24. Kg2 $18) 24. fxg3 Qxg3 25. Nf5 Qe5 26. Qh2 Qxh2+ 27. Kxh2 $16 Kb8 $1 (
27... b4 28. Ne7+ Kb8 29. Ncd5 $18) 28. axb5 (28. Ne3 $1 Rhe8 29. axb5 axb5 30.
Nxb5 Bxe4 (30... Nxe4 31. Nxc4 Ng5 32. Nc3) 31. Bxe4 Nxe4 (31... Rxd1 32. Rxd1
Rxe4 33. Rd8+ Kb7 34. Nd6+ Kc7 35. Nxe4 Kxd8 36. Nxf6 gxf6 37. Nxc4 $18) 32.
Nxc4 $18) 28... axb5 29. Nxb5 Nxe4 30. Rxd8+ (30. Nfd6 Nxd6 31. Nxd6 Ba6 $14 (
31... Rhf8 32. Nxc4 Rxf1 33. Rxf1 (33. Rxd8+ Kc7 34. Rd2 g5 $132) 33... Ba6 34.
Rf4 g5 35. Re4 Bxc4 36. Rxc4 Rd2+ 37. Kh3 (37. Kg1 h5) (37. Kg3 h5 38. b4 h4+
39. Kh3 Re2 40. Be4 Re3+ 41. Kg4 Rg3+ 42. Kf5 h3 43. Bc6 h2) 37... h5 38. b4
Re2 39. Bg6 $18)) 30... Rxd8 31. Nfd4 Nd6 (31... Nf6 32. Re1 $16) 32. Nc3 (32.
Ne6 Re8 33. Nbc7 Rc8) (32. Nxd6 Rxd6 33. Rf8+ Bc8 34. Nf3 g6) 32... Re8 33. Rf2
$6 (33. Kg3 h6 34. Bg6 (34. Rf2 Kc7 35. Re2 Rxe2 36. Ndxe2 Kb6 37. Kf4 Kc5 $14)
34... Re5 (34... Re7 35. Kf4 {with idea Rd1,Nf3}) 35. Kf4 Rg5 36. Bc2 $16)
33... h5 $1 34. Re2 Rxe2+ 35. Ndxe2 g5 36. Nd4 h4 37. Bd1 Nf7 $1 $10 38. Nf5
Ne5 39. Ne3 Bc8 40. Be2 Be6 41. Ne4 g4 42. Nc5 g3+ 43. Kg1 Bg8 (43... Bc8 44.
Nxc4 Ng6) 44. Nf5 Kc7 (44... Ng6 45. Bf3 Kc7 46. Be4 Nf4 47. Nxh4 Kb6) 45. Nxh4
Kb6 46. Na4+ (46. Ne4 Ka5 (46... Bh7 $5) 47. Nf5 Bh7 48. Nfxg3 Bxe4 49. Nxe4
Kb4 $10) 46... Ka5 47. Nc3 Kb4 48. Nf5 Kb3 49. Nd1 Nc6 (49... Kc2 50. Nd4+ Kc1)
50. Kg2 Be6 51. Nfe3 Nd4 52. Bh5 c3 53. bxc3 Nb5 54. c4 Bxc4 55. Kxg3 Nc3 56.
Nf2 Nd5 57. Nf5 Nf6 58. Bd1+ Kb4 59. Ne3 Kc5 60. Bc2 Kd4 61. Kf3 Bd5+ 62. Ke2
Bc4+ 63. Kd2 Be6 64. Bg6 Nd5 65. Nc2+ Ke5 66. Nd3+ Kf6 67. Be4 Ne7 1/2-1/2

[Event "Biel"]
[Site "Biel"]
[Date "1995.??.??"]
[Round "1"]
[White "Gelfand, Boris"]
[Black "Dreev, Alexey"]
[Result "1/2-1/2"]
[WhiteElo "2685"]
[BlackElo "2670"]
[Annotator "Gelfand,B"]
[PlyCount "46"]
[EventDate "1995.07.??"]
[EventType "tourn"]
[EventRounds "13"]
[EventCountry "SUI"]
[EventCategory "15"]
[SourceTitle "CBM 049"]
[Source "ChessBase"]
[SourceDate "1995.12.01"]
[SourceVersion "1"]
[SourceVersionDate "1995.12.01"]
[SourceQuality "1"]

1. d4 d5 2. c4 c6 3. Nc3 Nf6 4. Nf3 e6 5. e3 Nbd7 6. Bd3 dxc4 7. Bxc4 b5 8. Bd3
Bb7 9. O-O a6 10. e4 c5 11. d5 Qc7 12. Bc2 Be7 13. dxe6 fxe6 14. Ng5 Qc6 15. f4
$1 $146 h6 16. Nf3 O-O-O 17. Qe2 Rhf8 (17... b4 18. e5 (18. Na4 Nxe4 19. Re1
Nd6 (19... Nef6 20. Qxe6) 20. Qxe6 Bf6) (18. Ba4 Qc7 19. e5 bxc3 20. exf6 Bxf6
21. bxc3 Nb6 $13) 18... bxc3 19. exf6 Bxf6 20. bxc3 Nb6 21. Bd2 Nd5 22. Qe1 $14
) (17... Kb8 $5 {Dreev}) 18. e5 (18. a4 b4 19. e5 Nd5 (19... bxc3 20. exf6 cxb2
21. Bxb2 Bxf6 $13) 20. Nxd5 Qxd5 {-game}) 18... Nd5 19. Nxd5 (19. a4 Nxc3 (
19... b4 {-game}) 20. bxc3 Nb6 $13) 19... Qxd5 (19... exd5 20. a4 (20. e6 Nf6
21. f5 d4 $132) 20... d4 21. axb5 axb5 22. b4 $5 $16) 20. a4 b4 (20... c4 21.
axb5 axb5 22. Be3) 21. Be3 $2 (21. Rd1 $1 Qc6 22. a5 $1 g5 (22... c4 23. Nd4
Bc5 24. Be3 Bxd4 25. Rxd4) 23. fxg5 hxg5 24. Bxg5 Rxf3 (24... Bxg5 25. Nxg5
Nxe5 26. Be4) 25. Bxe7 Rg8 (25... Re3 26. Qg4 Re8 27. Ba4 Nxe5 28. Bxc6 Nxg4
29. Bxe8 Re2 30. Rd8+ Kc7 31. Rd7+ Kc8 32. Rxb7) 26. Rd6 Qc7 (26... Qb5 27.
Qxb5 axb5 28. a6 Ba8 29. Rd2 $18) (26... Rxg2+ 27. Qxg2 Rf1+ 28. Qxf1 Qh1+ 29.
Kf2 Qxh2+ 30. Ke1 $18) 27. Be4 Nxe5 28. Rxe6 $16) 21... Nb6 22. Nd2 (22. Rfd1
Qc6) (22. a5 Qc4) 22... Qc6 23. Nb3 $2 (23. Be4 $4 Rxd2 $19) (23. a5 Nd5 $13)
23... Nc4 (23... Nc4 24. Bc1 a5 $1 (24... g5 25. Rf3 g4 (25... Qd5 26. Rd3 $10)
26. Rg3 Bh4 27. Rxg4 Rg8 28. Bg6 $13) 25. Rf3 Ba6 26. Bd3 Rxd3 27. Rxd3 g5 28.
Rf3 Rd8 $1 $17 {/~/=}) 1/2-1/2

[Event "Dos Hermanas"]
[Site "Dos Hermanas"]
[Date "1995.??.??"]
[Round "3"]
[White "Gelfand, Boris"]
[Black "Illescas Cordoba, Miguel"]
[Result "1/2-1/2"]
[WhiteElo "2700"]
[BlackElo "2595"]
[Annotator "Gelfand,B"]
[PlyCount "116"]
[EventDate "1995.04.??"]
[EventType "tourn"]
[EventRounds "9"]
[EventCountry "ESP"]
[EventCategory "18"]
[SourceTitle "CBM 047"]
[Source "ChessBase"]
[SourceDate "1995.08.01"]
[SourceVersion "1"]
[SourceVersionDate "1995.08.01"]
[SourceQuality "1"]

1. d4 {Ftacnik} d5 2. c4 c6 3. Nc3 Nf6 4. Nf3 e6 5. e3 Nbd7 6. Bd3 dxc4 7. Bxc4
b5 8. Bd3 Bb7 9. O-O a6 10. e4 c5 11. d5 Qc7 12. dxe6 fxe6 13. Bc2 c4 14. Ng5
Nc5 15. e5 Qxe5 16. Re1 Qd6 17. Qxd6 Bxd6 18. Be3 O-O 19. Rad1 Be7 20. Bxc5
Bxc5 21. Nxe6 Rfc8 22. a3 $5 $146 (22. h3 {Ftacnik} Rab8 (22... Bf8 23. g4 h6
24. f4 Bf3 25. Rd2 Bc6 26. g5 {Karpov,An-Kramnik,V/Linares/1994/1-0 (40)}) (
22... Bb4 23. a3 Ba5 24. Nxg7 Bxg2 25. Kxg2 Kxg7 26. Re7+ {Polak,T-Sergejev,R/
Marijampole op (7)/1994/0.5 (37)}) 23. g4 (23. Nxc5 Rxc5 24. Re6 (24. Re7 b4
25. Ne2 Bd5 26. Nf4 {Escobedo,TA-Pedersen,S/WchJ-U20 Matinhos/1994/0-1 (41)})
24... b4 $5 25. Na4 Rg5 26. g3 {Kramnik,V-Shirov,A/Novgorod/1994/0.5 (30)})
23... Bf3 24. Rd2 b4 25. Na4 Ba7 26. g5 {Nikolic,Pr-Bareev,E/Munich SKA (03)/
1994/0.5 (33)}) 22... Bb6 $1 (22... Rab8 23. Nxc5 Rxc5 24. Rd6 $14 (24. Re7 $14
{Ftacnik})) 23. Nxg7 Ng4 (23... Bxg2 {Ftacnik} 24. Nf5 Bf3 25. Ne7+ Kf7 26.
Nxc8 Rxc8 27. Rd6 $16) 24. Rf1 (24. Re2 Rf8 (24... Rd8 25. Nf5 Rxd1+ 26. Nxd1
$14) 25. Nf5 Rae8 26. Red2 Re5 (26... Bc8 27. Nd4 Bxd4 28. Rxd4 Nxf2 29. Rf1
$14) 27. h3 Nxf2 28. Rxf2 Rexf5 29. Bxf5 Rxf5 30. Rdd2 (30. Rd8+ Kg7 31. Rd7+
Kg6 32. Nd1 $10) 30... Kg7 31. Kf1 Rxf2+ 32. Rxf2 Bxf2 33. Kxf2 Kf6 $10) 24...
Rd8 $1 (24... Bxg2 $2 {Ftacnik} 25. Kxg2 Kxg7 26. Bf5 $16) (24... Kxg7 $2 {
Ftacnik} 25. Rd7+ Kf8 26. Rxb7 $16) 25. Nf5 Rxd1 26. Bxd1 (26. Nxd1 Rd8 27. h3
(27. Nde3 Rd2 $1 28. Nxg4 Rxc2 29. Re1 h5 $17) 27... Nxf2 $1 28. Nxf2 Rd2 $19)
26... Nxf2 $1 (26... Ne5 27. Be2 $16 (27. Nd6 $16 {Ftacnik})) 27. Rxf2 Rd8 28.
Kf1 (28. Be2 {Ftacnik} Rd2) 28... Bxf2 29. Kxf2 Rd2+ 30. Be2 Rxb2 31. Nd4 (31.
Nd6 {Ftacnik} Bc6 32. Nf5 (32. a4 Kf8 33. axb5 axb5 34. Ndxb5 Bxb5 35. Nxb5
Rxb5 36. Bxc4 $10) 32... Bd7 33. Nd4 Kg7 34. Ke1 a5 $132) 31... Kg7 (31... Bc8
32. Ke1 $10) (31... h5 $5 32. Ke1 $1 $10 (32. g3 $6 Bc8 33. Ke1 Bg4 $17)) 32.
g4 Bc8 (32... Kf6 33. h4 h6 $5 (33... Ke5 34. Ke3 Bc8 35. g5 Bd7 36. h5 $132))
33. Ke1 $1 Bxg4 $2 (33... Bd7 34. Kd1 b4 (34... a5 35. Kc1 Rxe2 36. Ncxe2 Bxg4
37. Nc3 b4 38. axb4 axb4 39. Nd5 $16) 35. axb4 Rxb4 $10 (35... Rxb4 {Ftacnik}
36. Kc2 $14)) 34. Bxg4 Rxh2 35. Bc8 (35. Kd1 $5 Rh1+ (35... h5 36. Bc8 h4 37.
Bxa6 $16) 36. Kd2 Ra1 37. Nc2 Rg1 38. Bc8 Rg6 $132) 35... Rb2 36. Bxa6 b4 37.
axb4 (37. Na4 $2 bxa3 $1) (37. Nd1 $2 {Ftacnik} bxa3) 37... Rxb4 38. Kd2 h5 39.
Nf3 Kh6 40. Kc2 Kg7 41. Bb5 (41. Ne5 {Ftacnik} h4 42. Nd5 Ra4 43. Bb5 h3 44.
Ng4 Ra5 45. Bxc4 Rc5 46. Kd3 Rxc4 47. Kxc4 h2 $10) 41... Kh6 (41... Rxb5 $2 42.
Nxb5 c3 43. Nh4 $1) 42. Bc6 (42. Ne5 {Ftacnik} h4 43. Nc6 Rxb5 44. Nxb5 h3 45.
Ne5 h2 46. Ng4+ Kg5 47. Nxh2 c3 $1 $10) 42... Rb8 43. Bd5 Rc8 44. Kd2 (44. Ne5
{Ftacnik} h4 45. Ne4 h3 46. Nd6 Rc5 47. Bf3 c3 $10) 44... h4 45. Nxh4 Rd8 46.
Nf5+ (46. Kc2 Rxd5 47. Nxd5 c3 $10) (46. Ke3 {Ftacnik} Rxd5 47. Nxd5 c3 $1 $10)
46... Kg5 47. Ne3 Kf4 48. Nc2 (48. Ke2 Ke5 $1) 48... Ke5 49. Nb4 Kd6 50. Bf3 (
50. Kc2 {Ftacnik} Kc5 51. Na6+ Kd4 $10) 50... Kc5+ 51. Nbd5 Rf8 52. Ke3 Re8+ (
52... Rxf3+ $2 {Ftacnik} 53. Kxf3 Kd4 54. Ke2 Ke5 55. Ke3 $18) 53. Be4 Rh8 54.
Na4+ Kb5 (54... Kd6 55. Kd4 Rh4 56. Nac3) 55. Ndc3+ (55. Nac3+ {Ftacnik} Kc5)
55... Kb4 56. Kd4 Rh3 $1 57. Nb6 (57. Bc2 {Ftacnik} Rd3+ $1 58. Bxd3 cxd3 $10)
57... Rd3+ (57... Rxc3 $4 {Ftacnik} 58. Nd5+ Kb3 59. Nxc3 $18) 58. Bxd3 cxd3 (
58... cxd3 {Ftacnik} 59. Nbd5+ Kb3 $10) 1/2-1/2

[Event "Tel Aviv super 1st"]
[Site "Tel Aviv"]
[Date "1999.05.12"]
[Round "2"]
[White "Avrukh, Boris"]
[Black "Gelfand, Boris"]
[Result "0-1"]
[WhiteElo "2605"]
[BlackElo "2690"]
[Annotator "Gelfand,B"]
[PlyCount "114"]
[EventDate "1999.05.11"]
[EventType "tourn"]
[EventRounds "9"]
[EventCountry "ISR"]
[EventCategory "14"]
[SourceTitle "CBM 071"]
[Source "ChessBase"]
[SourceDate "1999.08.01"]
[SourceVersion "1"]
[SourceVersionDate "1999.08.01"]
[SourceQuality "1"]

1. d4 {Lutz} d5 2. c4 c6 3. e3 Nf6 4. Nc3 e6 5. Nf3 Nbd7 6. Bd3 dxc4 7. Bxc4 b5
8. Bd3 Bb7 9. O-O a6 10. e4 c5 11. d5 Qc7 12. Qe2 c4 13. Bc2 Bd6 14. Bg5 O-O-O
{Lutz: 'Nach den bislang vorliegenden Partien ist diese Stellung befriedigend
für Schwarz.'} 15. Rfd1 (15. Rad1 {Lutz} h6 16. Bxf6 gxf6 17. a4 b4 18. Rd4 $2
Bc5 $1 19. dxe6 fxe6 20. Rxc4 Nb6 21. Rxc5 Qxc5 22. Na2 Kb8 $17 {Karpov,
A-Illescas Cordoba,M/Linares 1995/Inf 63 (22)}) (15. dxe6 {Lutz} fxe6 16. Nd4 (
16. b3 Ne5 17. bxc4 $6 (17. Nd4 $13 {Ivanov,Se}) 17... Nxf3+ 18. Qxf3 Bxh2+ 19.
Kh1 Be5 $17 {1/2-1/2 Sakaev,K-Ivanov,S/Leningrad 1990/Inf 50 (40)}) 16... Qb6
17. Nxe6 Bxh2+ 18. Kxh2 Qxe6 19. Kg1 h6 20. Be3 Ng4 21. b3 h5 $13 {1/2-1/2
Hracek,Z-Bagirov,V/Debrecen 1992/Inf 56 (41)}) 15... h6 16. Bh4 {'N' Lutz.
Lutz: 'Eine Neuerung, die jedoch keine Begeisterungsstürme hervorruft.'} (16.
Bxf6 {Lutz} gxf6 17. b3 Bb4 18. dxe6 fxe6 19. Nb1 Ne5 20. Nbd2 c3 21. Nf1 Bc5
22. Nxe5 fxe5 23. Rxd8+ Rxd8 24. Kh1 Qb6 25. f3 Qa5 $15 {1/2-1/2 Gelfand,
B-Timman,J/Linares 1992/CBM 28 (46)}) 16... g5 17. Bg3 $6 $146 {'?' Lutz. Lutz:
'Dieser Zug verliert einfach einen Bauern.'} (17. dxe6 fxe6 18. Bg3 Bxg3 19.
hxg3 Nc5 $11 {Lerner-Magerramov,St-Petersburg,92} (19... Rhe8 {Lutz: ist
besser, kann Schwarz aber auch nicht erschüttern.})) 17... Bxg3 18. hxg3 exd5
19. Nxd5 (19. a4 dxe4) (19. exd5 Nb6 20. Bf5+ Kb8 21. d6 Rxd6 22. Qe5 Rxd1+ 23.
Rxd1 Qxe5 24. Nxe5 b4 $17) 19... Nxd5 20. exd5 Nf6 (20... Nb6 $5) 21. d6 Rxd6
22. Rxd6 Qxd6 $17 23. Rd1 Qc5 {'-/+' Lutz. Lutz: 'Die etwas luftige Stellung
des schwarzen Königs bietet keinen ausreichenden Ersatz für den Bauern.'} (
23... Qc7 $5 24. a4 (24. Qe5 Qxe5 25. Nxe5 Bd5 26. Ng4 Be4) 24... Re8 25. Qd2
$132) 24. b4 Qc7 (24... Qxb4 $2 {Lutz} 25. Qe5) 25. a4 Re8 26. Qd2 Kb8 (26...
Nd5 27. axb5 axb5 28. Bf5+ Kb8 29. Nd4) 27. axb5 axb5 28. Qd4 (28. Nd4 Re5)
28... Nd5 29. Be4 Nb6 (29... Nf4 30. gxf4 Bxe4 31. Ne5) (29... Nxb4 30. Bxb7
Kxb7 31. Rb1) (29... Nc3 30. Qxc3 Bxe4 31. Nd4 $44) 30. Bxb7 Kxb7 31. Qf6 Re6
32. Qf5 Rd6 33. Re1 (33. Rxd6 Qxd6 34. Qxb5 (34. Qxf7+ {Lutz} Ka6 $19) 34... c3
) (33. Rc1 $5 Qd7 34. Qe4+ Rd5 $17) (33. Ra1 $5 Rd5 34. Qe4 (34. Qf6 g4 35. Nd4
Qd7) 34... Qd7 $17) 33... c3 (33... Qd7 $6 34. Qe4+ Nd5 (34... Rd5 35. Ne5 Qe6
36. Qf3) 35. Ne5 (35. Nd4 Kb8 36. Qe5 f6) 35... Qe6 36. g4 Rd8 37. Qf3 Kb8 38.
Kf1) 34. Rc1 (34. Qxb5 c2 (34... c2 {Lutz} 35. Qf1 Qc4 $19)) 34... Nd5 $6 (
34... Rd5 $1 35. Qe4 (35. Qf6 c2 (35... Na4 36. Nd4 Qd7) 36. Nd4 (36. Ne1 Rd1
37. Qf3+ Nd5 38. Rxd1 cxd1=Q 39. Qxd1 Nxb4) 36... Qd7) 35... Qc4 36. Qe1 Qxb4
37. Rxc3 Rd1 $17) 35. Nd4 Kb6 (35... Qc4 $2 36. Qxf7+ Kb6 37. Qf8) 36. Qf3 (36.
Ra1 {Lutz} Qd7 $17) 36... Qc4 37. Nf5 (37. Nc2 $1 $132) (37. Nc2 {Lutz} Rc6 38.
Qxf7 Nxb4 39. Qxc4 Rxc4 40. Nxb4 Rxb4 41. Rxc3 Rb1+ 42. Kh2 b4 $19) 37... Rc6
38. Ne3 Nxe3 39. Qxe3+ Kb7 40. Ra1 $2 $138 (40. Qe7+ Rc7 41. Qd6 $17) 40... c2
{'-+' Lutz.} 41. Qa7+ Kc8 42. Qa8+ Kd7 43. Rc1 Qxb4 44. Qb7+ Kd6 45. Qb8+ Kd7
46. Qb7+ Rc7 47. Qd5+ Kc8 48. Qa8+ Kd7 49. Qd5+ Ke7 50. Kh2 (50. Qe5+ Kd8 51.
Qd5+ Rd7 52. Qa8+ Ke7) 50... Qc5 51. Qe4+ Kd7 52. Qh7 Kc8 53. Qg8+ Kb7 54. Qd8
(54. Ra1 Qa7) 54... Qc4 55. Ra1 c1=Q 56. Qa8+ Kb6 57. Qb8+ Rb7 0-1

[Event "Sigeman & Co 07th"]
[Site "Malmo"]
[Date "1999.06.09"]
[Round "2"]
[White "Akesson, Ralf"]
[Black "Gelfand, Boris"]
[Result "0-1"]
[WhiteElo "2530"]
[BlackElo "2690"]
[Annotator "Gelfand,B"]
[PlyCount "52"]
[EventDate "1999.06.??"]
[EventType "tourn"]
[EventRounds "9"]
[EventCountry "SWE"]
[EventCategory "14"]
[SourceTitle "CBM 072"]
[Source "ChessBase"]
[SourceDate "1999.10.01"]
[SourceVersion "1"]
[SourceVersionDate "1999.10.01"]
[SourceQuality "1"]

1. d4 {Lutz.} d5 2. c4 c6 3. Nc3 Nf6 4. e3 e6 5. Nf3 Nbd7 6. Bd3 dxc4 7. Bxc4
b5 8. Bd3 Bb7 9. O-O a6 10. e4 c5 11. d5 Qc7 12. Qe2 c4 13. Bc2 Bd6 14. Kh1 {
'?!' Lutz. Lutz: 'Dieser Zug erscheint harmlos. Gelfand hat einige Erfahrung
mit der besseren (aber auch nicht sonderlich gefährlichen) Fortsetzung 14.Bg5
gesammelt.'} (14. Bg5 {Lutz} O-O-O 15. Rfd1 h6 16. Bh4 (16. Bxf6 gxf6 17. b3
Bb4 18. dxe6 fxe6 19. Nb1 Ne5 20. Nbd2 c3 21. Nf1 Bc5 22. Nxe5 fxe5 23. Rxd8+
Rxd8 24. Kh1 Qb6 25. f3 Qa5 $15 {1/2-1/2 Gelfand,B-Timman,J/Linares 1992/CBM
28 (46)}) 16... g5 17. Bg3 $6 Bxg3 18. hxg3 exd5 19. Nxd5 Nxd5 20. exd5 Nf6 21.
d6 Rxd6 22. Rxd6 Qxd6 $17 {0-1 Avrukh,B-Gelfand,B/Tel Aviv 1999/CBM 71/
[Gelfand] (57)}) 14... O-O 15. dxe6 fxe6 16. Nd4 $2 $146 (16. Ng5 Nc5 (16...
Rae8 17. f4 h6 (17... e5 18. f5 Nc5 19. Be3 h6 20. Bxc5 hxg5 21. Bxd6 Qxd6 22.
Qe3 g4 23. Rad1 Qe7 24. b3 $1 $16 {Chekhov,V-Dreev,A/Moscow/1992/} (24. b3 {
Lutz} Rc8 25. bxc4 bxc4 26. Rb1 Ba8 27. Rb6 Qa7 28. Re1 Rfd8 29. Kg1 Rc6 30.
Rb4 Qd4 31. Kf2 Rcc8 32. g3 Kf7 33. Rd1 Qxe3+ 34. Kxe3 Rh8 35. Rd2 g6 36. fxg6+
Kxg6 37. Bd1 Rc6 38. Rf2 {(...). 0-1 Chekhov,V-Dreev,A/Moscow 1992/EXT 97 (38)}
)) 18. e5 hxg5 19. exd6 Qxd6 20. Be3 g4 21. Rad1 Qe7 22. Bd4 Qf7 23. Be5 Qh5
24. Bd6 Rf7 25. Rde1 g6 {Gabriel=Polgar,S,94}) (16... Rfe8 17. f4 e5 18. f5 Nc5
19. Be3 h6 20. Bxc5 Bxc5 {A-A Pinus,Y-Grakovich,G/URS-chT10 corr9194 1991/
CR97-91}) 17. Be3 (17. f4 h6 18. e5 hxg5 19. exd6 Qxd6 20. Be3 (20. fxg5 $4 Ng4
) 20... gxf4 21. Bxc5 Qxc5 {-17.Be3}) 17... h6 18. f4 (18. e5 {Chekhov} Bxe5
19. Bxc5 Qxc5 20. f4 Bxc3 (20... hxg5 21. fxe5) 21. Nxe6 Rae8 22. bxc3 Bxg2+ $1
23. Kxg2 Qc6+) 18... hxg5 (18... Bxf4 $6 19. Bxf4 {0.5,Chekhov=Ivanov,S,94} e5
20. Bg3 $1 (20. Be3 hxg5 21. Bxg5 Ne6 $1 22. Bxf6 Nd4 $13) 20... hxg5 21. Rf5
Nfd7 22. Nd5 Qd8 (22... Qd6 23. Rxg5 Ne6 24. Rg6 Nd4 25. Qg4) 23. Raf1 Ne6 24.
Qg4 $16) 19. e5 gxf4 (19... Bxe5 20. fxe5 Qxe5 21. Bxc5 Qxc5 22. Qxe6+ Kh8 23.
Qh3+ {A-A Chekhov,V-Yakovich,Y/Vladivostok 1994/CBM 43 ext}) 20. exd6 Qxd6 21.
Bxc5 Qxc5 22. Qxe6+ Rf7 23. Rxf4 Re8 24. Qf5 Re5 25. Qh3 Rh5 26. Rf5 Rxh3 27.
Rxc5 Ng4 {A-A Milos,G-Morovic Fernandez,I/ESP-chT 1991/EXT 97 (41)}) 16... Rae8
17. f4 e5 {'!' Lutz. Lutz: 'Für eine Öffnung des Zentrum ist Schwarz besser
gerüstet als Weiß.'} (17... Bc5 18. Nf3 Nh5 19. g3 e5 20. f5) 18. Nf5 exf4 (
18... Bc5 19. a4 $13) 19. Nxd6 Qxd6 20. Bxf4 (20. Rxf4 Nc5 $17) 20... Qe6 $19 {
'-/+' Lutz. Lutz: 'Jetzt geht der e-Bauer verloren.'} 21. e5 (21. Rad1 Nxe4 22.
Bxe4 Bxe4 23. Rxd7 Qxd7 24. Nxe4 Qe6) (21. Rae1 b4 22. Nd1 Nxe4) 21... Nxe5 22.
Rae1 Qc6 23. Bxe5 (23. Qf2 Nd3 24. Bxd3 Rxe1 25. Rxe1 cxd3) (23. Qd2 Rd8 24.
Qf2 Nd3 25. Bxd3 cxd3) 23... Rxe5 24. Qd2 Rxe1 25. Rxe1 b4 26. Nd1 Ng4 {
Lutz: 'Wegen der Drohung ...Nf2+ gab Weiß auf. Dies kam nicht zu früh, wie die
Varianten beweisen:'} (26... Ng4 {Lutz} 27. Kg1 (27. Be4 Qxe4 28. Rxe4 Rf1#) (
27. h3 Nf2+) 27... Qb6+ 28. Ne3 (28. Kh1 Qc7) 28... Re8) 0-1

[Event "Nuremberg LGA Cup 5th"]
[Site "Nuremberg"]
[Date "2008.09.06"]
[Round "4"]
[White "Baramidze, David"]
[Black "Zude, Erik"]
[Result "1-0"]
[WhiteElo "2593"]
[BlackElo "2397"]
[Annotator "Gutman,L"]
[PlyCount "49"]
[EventDate "2008.09.04"]
[EventType "swiss"]
[EventRounds "7"]
[EventCountry "GER"]
[SourceTitle "CBM 126 Extra"]
[Source "ChessBase"]
[SourceDate "2008.11.05"]
[SourceVersion "1"]
[SourceVersionDate "2008.11.05"]
[SourceQuality "1"]

1. Nf3 d5 2. c4 c6 3. e3 Nf6 4. Nc3 e6 5. d4 Nbd7 6. Bd3 dxc4 7. Bxc4 b5 8. Bd3
a6 9. e4 c5 10. d5 c4 11. Bc2 Qc7 12. dxe6 fxe6 13. O-O Bd6 {Diese Fortsetzung
von David Bronstein genießt einen eher zweifelhaften Ruf, schrieb Lutz in
seinen ausführlichen Kommentaren, ChessBase 1996, die dürfte Erik Zude jedoch
nicht gekannt haben.} ({Vorzuziehen ist} 13... Bb7) ({oder} 13... Bc5) 14. Nd4
Nc5 $2 ({Getestet wurde} 14... Nb6 {. Der Textzug ist keine Verbesserung.}) 15.
f4 Nd3 16. Bxd3 cxd3 17. e5 Bc5 18. Qxd3 Qb6 ({Ebenfalls trostlos für Schwarz
ist} 18... Ng4 19. Ne4 Bb7 20. Nxc5 Qxc5 21. Rd1 Rd8 22. h3 Nh6 23. Be3 O-O 24.
Qb3 $16) 19. Rd1 Ng4 ({Etwas hartnäckiger war vielleicht} 19... Nd5 20. Nxd5
exd5 21. Be3 Bg4 22. Rd2 O-O 23. h3 $16) 20. Ne4 Bb7 21. Nxc5 Qxc5 22. b4 Qd5 (
{Oder} 22... Qb6 23. h3 Nh6 24. Be3 $18 {mit gewonnener Stellung.}) 23. Qe2 h5
24. h3 ({Dies ist einfacher als} 24. Nf5 $18) 24... Nh6 25. f5 1-0

[Event "RUS-Cup6"]
[Site "Krasnodar"]
[Date "1997.03.12"]
[Round "2"]
[White "Aleksandrov, Aleksej"]
[Black "Vaulin, Alexander"]
[Result "1/2-1/2"]
[WhiteElo "2615"]
[BlackElo "2490"]
[Annotator "Huzman,A"]
[PlyCount "53"]
[EventDate "1997.03.11"]
[EventType "swiss"]
[EventRounds "9"]
[EventCountry "RUS"]
[SourceTitle "EXT 2000"]
[Source "ChessBase"]
[SourceDate "1999.11.16"]
[SourceVersion "1"]
[SourceVersionDate "1999.11.16"]
[SourceQuality "1"]

1. d4 d5 2. c4 dxc4 3. Nf3 a6 4. e3 e6 5. Bxc4 c5 6. O-O Nf6 7. e4 b5 $1 8. Bd3
Bb7 (8... cxd4 9. e5 Nd5 10. Nxd4 $14 {[%cal Yd1g4]}) 9. e5 Nd5 10. Nbd2 (10.
a4 $5 b4 (10... c4 $5) 11. Nbd2 {[%cal Yd2c4]}) 10... Nd7 11. a4 Qb6 12. axb5
axb5 13. Rxa8+ Bxa8 14. Ne4 $6 (14. dxc5 $1 Nxc5 15. Bb1 $14 (15. Ne4 $2 Nb4))
14... cxd4 {The white have not enough compensation for sacrified pawn} 15. Qe2
Bc6 16. Bd2 Be7 17. Rc1 O-O 18. h4 Rd8 19. Bb1 Nf8 20. h5 b4 $6 (20... h6 $17)
21. Qc4 $11 Bb5 22. Qxd4 Be2 (22... Qb8 $5 23. Nd6 Bxd6 24. exd6 Qxd6 25. h6
$40) 23. Qxb6 Nxb6 24. Nd6 Bxf3 25. gxf3 Bxd6 26. exd6 Rxd6 27. Bxb4 1/2-1/2